000 00526nam a2200157 4500
999 _c16849
_d16849
008 220411b ||||| |||| 00| 0 eng d
022 _a0117-3308
082 _aDPer 004.1105 C73 Sept 2010 - April 2011 v. 20 n. 3-9
100 _aWillmer, Dave.
_945029
245 _aIT career rules worth breaking/
_cDave Willmer.
260 _aPhilippines:
_bSchneider Electric,
_c©2010-2011.
300 _av20 n3, page 48;
_c27 cm.
500 _aComputer world.
650 _aInformation technology
_xProfession.
_945030
942 _2ddc
_cPER